000 00766nam a2200253 i 4500
003 DO-SdBNP
005 20260305072247.0
007 ta
008 260305s2025 dr o 000 0 spa d
020 _a9789945800296
040 _aDO-SdBNP
_bspa
_cBNPHU
_erda
041 _aspa
082 _axxxx
_bM722g
_222
100 _aMolina Mieses, Guillermo
_eautor
_911765
245 1 0 _aGreb :
_bsistemas para personas inteligentes /
_cGuillermo Molina Mieses
264 1 _aSanto Domingo :
_bEditora Amigo del Hogar.
_c2025
300 _a105 páginas :
_bilustraciones ;
_c25 cm.
336 _2rdacontent
_atexto
_btxt
337 _2rdamedia
_asin mediación
_bn
338 _2rdacarrier
_avolumen
_bnc
590 _aInventariado, 2026/DG
910 _aDG
942 _2ddc
_cLBS1
999 _c60427
_d60427